Vista normal
Vista MARC
Entrada Nombre personal
Número de registros utilizados en: 1
001 - NÚMERO DE CONTROL
- campo de control: 77312
003 - IDENTIFICADOR DEL NÚMERO DE CONTROL
- campo de control: BNPHU
005 - FECHA Y HORA DE LA ÚLTIMA TRANSACCIÓN
- campo de control: 20240226131635.0
008 - DATOS DE LONGITUD FIJA
- campo de control de longitud fija: 201119|| aca||aabn | a|a d
040 ## - FUENTE DE LA CATALOGACIÓN
- Centro catalogador/agencia de origen: DO-SdBNP
- Lengua de catalogación: spa
- Centro/agencia transcriptor: BNPHU
- Normas de descripción: rda
100 1# - ENCABEZAMIENTO-NOMBRE DE PERSONA
- Nombre de persona: Marizán, Narda
370 ## - LUGAR ASOCIADO
- Lugar de nacimiento: Santiago de los Caballeros , República Dominicana
375 ## - GÉNERO/SEXO
- Género/Sexo: Femenino
377 ## - LENGUA/LENGUAJE ASOCIADO
- Código del idioma: spa
670 ## - FUENTE DE DATOS ENCONTRADOS
- Cita de la fuente: Marizán, Narda, Con ojos de mariposa :, 2018.
